000 00461nam a22001937a 4500
003 LK-CoDNM
005 20250106124327.0
008 250103b |||||||| |||| 00| 0 eng d
040 _aLK-CoDNM
_dLK-CoDNM
_eLK-CoDNM
041 _aeng
080 _a4a
_bD9
100 _asullvan henry thomas
245 _aTank angling in india
260 _ahigginbotham
_c1887
300 _a180p. ; 21 cm
650 _aScience
650 _aanimals
942 _cBK
999 _c235043
_d235043